00465nam a2200157Ia 4500008004100000020001800041082001800059100003100077245006400108250000800172260004200180300002600222500001900248600002000267650002000287240925s9999 xx 000 0 und d a9788131762264 a338.64209 CHA aCharantimath ,Poornima M. 0aEntrepreneurship Development and Small Business Enterprises a2nd aNew Delhi:bPearson Educationc,2014. aix,183p.b0fOriginal aIncludes Index aSocial Sciences aSocial Sciences